Eyerim - e-predaj slnečných a dioptrických okuliarov
Enregistré dans:
| Auteur principal: | |
|---|---|
| Format: | Chapitre de livre |
| Langue: | slovaque |
| Sujets: | |
| Tags: |
Pas de tags, Soyez le premier à ajouter un tag!
|
MARC
| LEADER | 00000naa$a2200000$$$4500 | ||
|---|---|---|---|
| 001 | 0225980 | ||
| 005 | 20240502073717.5 | ||
| 041 | 0 | |a slo | |
| 044 | |a SK | ||
| 245 | 1 | 0 | |a Eyerim - e-predaj slnečných a dioptrických okuliarov |c Štefan Slávik |
| 610 | 2 | 0 | |a štúdie prípadové |
| 610 | 2 | 0 | |a start-up |
| 610 | 2 | 0 | |a obchod elektronický |
| 610 | 2 | 0 | |a okuliare |
| 100 | 1 | |a Slávik, Štefan, 1955- | |